| 000 | 00443nam a22001817a 4500 | ||
|---|---|---|---|
| 003 | NUST | ||
| 005 | 20220607102321.0 | ||
| 008 | 220607b ||||| |||| 00| 0 eng d | ||
| 020 | _a978-0-691-20736-0 | ||
| 038 | _aMuzammil | ||
| 082 |
_a530 _bTHO |
||
| 100 |
_aThorne,S. Kip _992020 |
||
| 245 |
_aOptics\ _cKip S. Thorne. |
||
| 250 | _aVol-2 | ||
| 260 |
_aNew Jersey _bPrinceton Press, _c2021. |
||
| 300 | _axx,596,:p.: | ||
| 942 |
_2ddc _cBK |
||
| 999 |
_c590131 _d590131 |
||